[Event "NOR-chT Elite 2122"]
[Site "Norway"]
[Date "2022.02.04"]
[Round "4.5"]
[White "Gvein, Kenneth"]
[Black "Dahl, Max"]
[Result "1/2-1/2"]
[WhiteElo "2163"]
[BlackElo "2038"]
[PlyCount "117"]
[EventDate "2021.10.28"]
[EventType "team-tourn"]
[EventRounds "9"]
[EventCountry "NOR"]
[SourceTitle "EXT 2023"]
[Source "ChessBase"]
[SourceDate "2022.10.05"]
[SourceVersion "1"]
[SourceVersionDate "2022.10.05"]
[SourceQuality "1"]
[WhiteTeam "Offerspill"]
[BlackTeam "Oslo SK 1911"]
[WhiteTeamCountry "NOR"]
[BlackTeamCountry "NOR"]

1. Nf3 d5 2. c4 e6 3. cxd5 exd5 4. g3 Nf6 5. Bg2 c6 6. 0-0 Be7 7. d3 0-0 8. Nc3 Bg4 9. h3 Bh5 10. Qb3 Qb6 11. Qxb6 axb6 12. g4 Bg6 13. Ne5 Nbd7 14. Nxg6 hxg6 15. Bf4 b5 16. a3 Rfe8 17. Rfd1 Nb6 18. Rac1 Na4 19. Nxa4 Rxa4 20. Bd2 b4 21. axb4 Bxb4 22. Bf3 Bxd2 23. Rxd2 g5 24. d4 Rea8 25. e3 Ne8 26. e4 dxe4 27. Bxe4 Rd8 28. Rcd1 Rb4 29. Bf3 Nf6 30. Kh2 Nd5 31. Be4 g6 32. Kg3 Rb3+ 33. f3 Nf6 34. Kg2 Kg7 35. Re1 Rb4 36. Red1 Nd5 37. Bxd5 Rxd5 38. Kg3 Rdb5 39. Rb1 Rd5 40. Rbd1 Rb3 41. Kf2 Rdb5 42. Rb1 Kf6 43. Kg3 R5b4 44. d5 cxd5 45. Rxd5 Rxb2 46. Re1 R2b3 47. Rd6+ Kg7 48. Rd7 b5 49. Rd5 Rf4 50. Rf1 b4 51. Rxg5 Rc4 52. Rb5 Rcc3 53. g5 Rb2 54. Rb7 Rc5 55. h4 Rb3 56. Kg4 Rb2 57. Kg3 Rb3 58. Kg4 Rb2 59. Kg3 1/2-1/2

[Event "NOR-ch rapid"]
[Site "Sandefjord"]
[Date "2017.01.08"]
[Round "10"]
[White "Gvein, Kenneth"]
[Black "Mihajlov, Sebastian"]
[Result "0-1"]
[WhiteElo "2133"]
[BlackElo "2384"]
[PlyCount "120"]
[EventDate "2017.01.07"]
[EventType "swiss (rapid)"]
[EventRounds "10"]
[EventCountry "NOR"]
[SourceTitle "CBM 176 Extra"]
[Source "ChessBase"]
[SourceDate "2017.03.02"]
[SourceVersion "1"]
[SourceVersionDate "2017.03.02"]
[SourceQuality "1"]

1. d4 Nf6 2. c4 g6 3. Nc3 Bg7 4. e4 d6 5. Be2 0-0 6. Be3 e5 7. dxe5 dxe5 8. Qxd8 Rxd8 9. Nd5 Nxd5 10. cxd5 c6 11. dxc6 Nxc6 12. Nf3 Nb4 13. 0-0 Nc2 14. Bg5 f6 15. Rac1 Nb4 16. Bc4+ Kf8 17. Be3 b6 18. a3 Na6 19. Bd5 Rb8 20. b4 Bd7 21. Nd2 Bb5 22. Rfe1 Rd7 23. f4 Nc7 24. fxe5 Nxd5 25. exd5 fxe5 26. Ne4 Bd3 27. Ng5 Kg8 28. Ne6 Bf6 29. Bg5 Bh8 30. Rc7 Rxd5 31. Rxa7 Rd6 32. Nc7 Rd7 33. Be3 e4 34. Rc1 Bb2 35. Rc6 b5 36. a4 Rf8 37. g3 bxa4 38. Rxa4 Rf3 39. Ra8+ Kf7 40. Bc5 Bg7 41. Kg2 Bf1+ 42. Kg1 Rd1 43. Rd6 Rxd6 44. Bxd6 Bd4+ 45. Kh1 g5 46. Rf8+ Kg6 47. Ne6 Rxf8 48. Bxf8 Bf2 49. Bc5 e3 50. h4 g4 51. Kh2 Kf5 52. Nd4+ Ke4 53. Nc2 Bd3 54. Nd4 Be1 55. Ne6 h6 56. Kg2 Bc3 57. Nf4 e2 58. Nxe2 Bxe2 59. Kf2 Bf3 60. Kg1 Bd4+ 0-1

[Event "Fagernes Norsk op-A"]
[Site "Fagernes"]
[Date "2011.04.23"]
[Round "9"]
[White "Gvein, Kenneth"]
[Black "Rodvik, Trym Daniel"]
[Result "1/2-1/2"]
[WhiteElo "2169"]
[BlackElo "1782"]
[PlyCount "38"]
[EventDate "2011.04.17"]
[EventType "swiss"]
[EventRounds "9"]
[EventCountry "NOR"]
[SourceTitle "CBM 141 Extra"]
[Source "ChessBase"]
[SourceDate "2011.05.03"]
[SourceVersion "1"]
[SourceVersionDate "2011.05.03"]
[SourceQuality "1"]

1. d4 Nf6 2. Nf3 g6 3. c4 Bg7 4. Nc3 d6 5. Bg5 0-0 6. e3 h6 7. Bh4 Qe8 8. Be2 e5 9. dxe5 dxe5 10. e4 Na6 11. 0-0 Nc5 12. Qc2 c6 13. Bxf6 Bxf6 14. Qd2 Kg7 15. Qd6 Ne6 16. Rfe1 Nd4 17. Bd1 Nxf3+ 18. Bxf3 Be6 19. Be2 Qe7 1/2-1/2

[Event "Fagernes Norsk op-A"]
[Site "Fagernes"]
[Date "2011.04.17"]
[Round "5"]
[White "Gvein, Kenneth"]
[Black "Rubio Mejia, Luis Ignacio"]
[Result "0-1"]
[WhiteElo "2169"]
[BlackElo "2409"]
[PlyCount "82"]
[EventDate "2011.04.17"]
[EventType "swiss"]
[EventRounds "9"]
[EventCountry "NOR"]
[SourceTitle "CBM 141 Extra"]
[Source "ChessBase"]
[SourceDate "2011.05.03"]
[SourceVersion "1"]
[SourceVersionDate "2011.05.03"]
[SourceQuality "1"]

1. c4 e5 2. Nc3 Nf6 3. g3 Bb4 4. Bg2 0-0 5. e4 Bxc3 6. dxc3 d6 7. Qe2 Be6 8. Nf3 h6 9. Nd2 Nbd7 10. Nf1 Nc5 11. f3 a6 12. Ne3 Re8 13. 0-0 Nfd7 14. b3 b5 15. f4 exf4 16. gxf4 f6 17. e5 dxe5 18. f5 Bf7 19. Rd1 e4 20. Rd4 Nd3 21. Rxe4 Nxc1 22. Rxc1 Rb8 23. Nd5 Ne5 24. Rd1 c6 25. Ne3 Qb6 26. cxb5 axb5 27. h3 Rbd8 28. Red4 Ra8 29. Kh1 Qa5 30. b4 Qxa2 31. Qxa2 Rxa2 32. Rd6 Kh7 33. Ng4 Bh5 34. Re6 Rc8 35. Rd4 Bxg4 36. hxg4 Rc2 37. Re7 Ra8 38. Rd6 Ra1+ 39. Kh2 Raa2 40. Rd8 Rxg2+ 41. Kh3 Rh2+ 0-1

[Event "EU-Cup 24th"]
[Site "Kallithea"]
[Date "2008.10.23"]
[Round "7"]
[White "Hernandez Cid, Cesar"]
[Black "Gvein, Kenneth"]
[Result "0-1"]
[WhiteElo "2065"]
[BlackElo "2189"]
[PlyCount "102"]
[EventDate "2008.10.17"]
[EventType "team-swiss"]
[EventRounds "7"]
[EventCountry "GRE"]
[SourceTitle "CBM 127"]
[Source "ChessBase"]
[SourceDate "2008.11.13"]
[SourceVersion "1"]
[SourceVersionDate "2008.11.13"]
[SourceQuality "1"]
[WhiteTeam "Merida Patrimonio"]
[BlackTeam "Schakklubben av 1911"]
[WhiteTeamCountry "ESP"]
[BlackTeamCountry "NOR"]

1. e4 c5 2. Nf3 Nc6 3. d4 cxd4 4. Nxd4 Nf6 5. Nc3 e5 6. Ndb5 d6 7. a4 a6 8. Na3 Be6 9. Bc4 Be7 10. 0-0 0-0 11. Be3 Rb8 12. Qe2 Qc8 13. Rfd1 Ng4 14. Bxe6 Qxe6 15. Nd5 Nxe3 16. Nxe3 Nd4 17. Qd3 Rfc8 18. a5 Bd8 19. Nac4 Rc6 20. c3 Nb3 21. Ra3 Nc5 22. Qc2 Rbc8 23. Nd5 g6 24. Nce3 Nd7 25. Qd3 Nc5 26. Qc4 Bg5 27. Nb4 R6c7 28. Ned5 f5 29. exf5 gxf5 30. Nd3 Rf7 31. N3b4 Rd8 32. Raa1 e4 33. Nc2 f4 34. Nd4 Qg6 35. Nb4 f3 36. g3 Qh5 37. Ndc2 e3 38. h4 Re8 39. Re1 exf2+ 40. Kxf2 Re2+ 41. Rxe2 fxe2+ 42. Kg1 Qf3 43. Qd5 Ne4 44. Nd3 Qxg3+ 45. Kh1 Qxh4+ 46. Kg2 Qg3+ 47. Kh1 Qf3+ 48. Kg1 Qf1+ 49. Kh2 Bf4+ 50. Nxf4 Qxf4+ 51. Kh1 Qf3+ 0-1

[Event "NOR-chT Ishav 0708"]
[Site "Oslo"]
[Date "2008.03.28"]
[Round "7.4"]
[White "Gvein, Kenneth"]
[Black "Hagen, Anders Gjerdrum"]
[Result "1-0"]
[WhiteElo "2187"]
[BlackElo "2122"]
[PlyCount "75"]
[EventDate "2007.11.09"]
[EventType "team-swiss"]
[EventRounds "9"]
[EventCountry "NOR"]
[SourceTitle "EXT 2010"]
[Source "ChessBase"]
[SourceDate "2010.11.25"]
[SourceVersion "1"]
[SourceVersionDate "2010.11.25"]
[SourceQuality "1"]

1. d4 Nf6 2. Nf3 e6 3. c4 d5 4. Nc3 Be7 5. e3 0-0 6. Qc2 Nbd7 7. a3 b6 8. cxd5 exd5 9. Bd3 Bb7 10. b4 c5 11. bxc5 bxc5 12. Rb1 Qc7 13. 0-0 c4 14. Bf5 Bc6 15. e4 g6 16. exd5 Nxd5 17. Bxd7 Qxd7 18. Ne5 Qc7 19. Nxc6 Qxc6 20. Qe4 Nxc3 21. Qxc6 Nxb1 22. Qb7 Bf6 23. Qxb1 Bxd4 24. Qe4 Rad8 25. g3 Rfe8 26. Qc2 Rc8 27. Rd1 Bf6 28. Rd7 a6 29. Be3 Re6 30. h4 h5 31. a4 Rec6 32. Rb7 c3 33. a5 Rd8 34. Rb6 Rdd6 35. Kg2 Bd8 36. Rxc6 Rxc6 37. Bd4 Bxa5 38. Qe4 1-0

[Event "NOR-chT 0607"]
[Site "Oslo"]
[Date "2007.03.09"]
[Round "7"]
[White "Lahlum, Hans Olav"]
[Black "Gvein, Kenneth"]
[Result "1/2-1/2"]
[WhiteElo "2211"]
[BlackElo "2158"]
[PlyCount "37"]
[EventDate "2006.11.10"]
[EventType "team"]
[EventRounds "9"]
[EventCountry "NOR"]
[SourceTitle "EXT 2008"]
[Source "ChessBase"]
[SourceDate "2007.11.25"]
[SourceVersion "1"]
[SourceVersionDate "2007.11.25"]
[SourceQuality "1"]

1. d4 d5 2. c4 e6 3. g3 Nf6 4. Bg2 Be7 5. Nf3 0-0 6. 0-0 Re8 7. Nc3 c6 8. Ne5 Nbd7 9. e4 dxc4 10. Nxc4 b5 11. Ne3 b4 12. Na4 Ba6 13. Re1 Bb5 14. Qc2 Qa5 15. b3 Bxa4 16. bxa4 Nb6 17. Qxc6 Rac8 18. Qb5 Qxa4 19. Qd3 1/2-1/2

[Event "NOR-chT 0607"]
[Site "Oslo"]
[Date "2007.01.14"]
[Round "6"]
[White "Gvein, Kenneth"]
[Black "Steedman, James"]
[Result "1-0"]
[WhiteElo "2158"]
[BlackElo "2232"]
[PlyCount "95"]
[EventDate "2006.11.10"]
[EventType "team"]
[EventRounds "9"]
[EventCountry "NOR"]
[SourceTitle "EXT 2008"]
[Source "ChessBase"]
[SourceDate "2007.11.25"]
[SourceVersion "1"]
[SourceVersionDate "2007.11.25"]
[SourceQuality "1"]

1. c4 e5 2. Nc3 Nf6 3. g3 c6 4. d4 exd4 5. Qxd4 d5 6. Bg5 Be7 7. cxd5 cxd5 8. Nf3 Nc6 9. Qa4 0-0 10. Bg2 h6 11. Bf4 Qb6 12. Qb5 Qxb5 13. Nxb5 Bf5 14. 0-0 Rad8 15. Nbd4 Bd7 16. Rfd1 Ne4 17. Nxc6 bxc6 18. Ne5 Be8 19. Rac1 Rc8 20. Rxd5 cxd5 21. Rxc8 Bb5 22. Rc2 Bf6 23. Nd3 Bd4 24. Be3 Bxe3 25. fxe3 Re8 26. Bxe4 Rxe4 27. Kf2 a6 28. b3 d4 29. exd4 Rxd4 30. Ke3 Rd6 31. a4 Bxd3 32. exd3 Rb6 33. Rb2 Rb4 34. d4 Kf8 35. Kd3 Ke7 36. Kc3 Rb7 37. b4 Kd6 38. b5 Rc7+ 39. Kb4 axb5 40. axb5 Kd5 41. b6 Rb7 42. Kb5 Kxd4 43. Kc6 Rxb6+ 44. Kxb6 f5 45. Rd2+ Ke4 46. Rd7 g5 47. Rh7 f4 48. gxf4 1-0

[Event "NOR-chT 0506"]
[Site "Norway"]
[Date "2005.11.06"]
[Round "2"]
[White "Gvein, Kenneth"]
[Black "Rost, Bjorn"]
[Result "1-0"]
[WhiteElo "2157"]
[BlackElo "1703"]
[PlyCount "55"]
[EventDate "2005.11.01"]
[EventType "team"]
[EventRounds "2"]
[EventCountry "NOR"]
[SourceTitle "CBM 109 Extra"]
[Source "ChessBase"]
[SourceDate "2006.01.03"]
[SourceVersion "2"]
[SourceVersionDate "2006.01.03"]
[SourceQuality "1"]

1. d4 Nf6 2. c4 c5 3. d5 b5 4. cxb5 a6 5. bxa6 Bxa6 6. Nc3 d6 7. f4 g6 8. Nf3 Bg7 9. e4 Bxf1 10. Rxf1 Qa5 11. Bd2 Qb4 12. a3 Qc4 13. Qe2 Qb3 14. Qb5+ Qxb5 15. Nxb5 Na6 16. Bc3 0-0 17. Bxf6 Bxf6 18. e5 dxe5 19. fxe5 Bg7 20. 0-0-0 c4 21. Nbd4 Nc5 22. Nc6 Rfe8 23. Kc2 f6 24. Rd4 Nd3 25. Rxc4 Nxe5 26. Nfxe5 fxe5 27. a4 e6 28. d6 1-0

[Event "Norwegian op"]
[Site "Oslo"]
[Date "2005.03.20"]
[Round "2"]
[White "Gvein, Kenneth"]
[Black "Bae, Torstein"]
[Result "0-1"]
[WhiteElo "2137"]
[BlackElo "2277"]
[PlyCount "52"]
[EventDate "2005.03.19"]
[EventType "swiss"]
[EventRounds "9"]
[EventCountry "NOR"]
[SourceTitle "CBM 105 Extra"]
[Source "ChessBase"]
[SourceDate "2005.05.01"]
[SourceVersion "1"]
[SourceVersionDate "2005.05.01"]
[SourceQuality "1"]

1. Nf3 d5 2. d4 c6 3. c4 e6 4. Nc3 Nf6 5. Bg5 Nbd7 6. e3 Qa5 7. Bxf6 Nxf6 8. a3 Ne4 9. Rc1 Nxc3 10. Rxc3 Bxa3 11. Nd2 Bxb2 12. Rb3 Bc3 13. c5 b5 14. cxb6 axb6 15. Qc2 Qa1+ 16. Ke2 Bxd2 17. Kf3 Qa4 18. Bd3 f5 19. Rd1 e5 20. Bb5 e4+ 21. Kg3 cxb5 22. Qc6+ Bd7 23. Qxd5 b4 24. Rxd2 Qc6 25. Qe5+ Kf7 26. h3 Rhe8 0-1

[Event "EU-Cup 20th"]
[Site "Izmir"]
[Date "2004.10.09"]
[Round "7.6"]
[White "Gvein, Kenneth"]
[Black "Can, Emre"]
[Result "1/2-1/2"]
[WhiteElo "2124"]
[BlackElo "2192"]
[PlyCount "99"]
[EventDate "2004.10.03"]
[EventType "team-swiss"]
[EventRounds "7"]
[EventCountry "TUR"]
[SourceTitle "CBM 104"]
[Source "ChessBase"]
[SourceDate "2005.01.27"]
[SourceVersion "1"]
[SourceVersionDate "2005.01.27"]
[SourceQuality "1"]
[WhiteTeam "Oslo"]
[BlackTeam "Istanbul Eczacibasi"]
[WhiteTeamCountry "NOR"]
[BlackTeamCountry "TUR"]

1. c4 e6 2. Nc3 d5 3. d4 Nf6 4. Bg5 Nbd7 5. cxd5 exd5 6. e3 Be7 7. Bd3 0-0 8. Qc2 Re8 9. Nf3 c6 10. 0-0 Nf8 11. Ne5 Ng4 12. Bxe7 Qxe7 13. Nxg4 Bxg4 14. Bf5 Bxf5 15. Qxf5 Rad8 16. Rae1 Rd6 17. g3 Re6 18. a3 Nd7 19. Re2 Nb6 20. Rfe1 Nc4 21. Qd3 Nd6 22. f3 f5 23. b4 b5 24. a4 a6 25. axb5 axb5 26. Kf2 g6 27. Nd1 Nc4 28. Qc3 Ra8 29. Nb2 Ra3 30. Qc2 Raxe3 31. Rxe3 Rxe3 32. Nxc4 Rxe1 33. Ne5 Ra1 34. Qxc6 Qa7 35. Qxd5+ Kg7 36. Ke3 Re1+ 37. Kf4 Qe7 38. h4 Rb1 39. Nc6 Qc7+ 40. Qe5+ Qxe5+ 41. Kxe5 Kf7 42. Kd6 Ke8 43. Ke6 Rb3 44. f4 Rxg3 45. d5 Rd3 46. d6 Rd1 47. Ne5 Kd8 48. Nc6+ Ke8 49. Ne5 Kd8 50. Nc6+ 1/2-1/2

[Event "EU-Cup 20th"]
[Site "Izmir"]
[Date "2004.10.08"]
[Round "6.6"]
[White "Gvein, Kenneth"]
[Black "Zarkua, Davit"]
[Result "0-1"]
[WhiteElo "2124"]
[BlackElo "2352"]
[PlyCount "112"]
[EventDate "2004.10.03"]
[EventType "team-swiss"]
[EventRounds "7"]
[EventCountry "TUR"]
[SourceTitle "CBM 104"]
[Source "ChessBase"]
[SourceDate "2005.01.27"]
[SourceVersion "1"]
[SourceVersionDate "2005.01.27"]
[SourceQuality "1"]
[WhiteTeam "Oslo"]
[BlackTeam "Senaki Egrisi"]
[WhiteTeamCountry "NOR"]
[BlackTeamCountry "GEO"]

1. Nf3 d5 2. d4 Nf6 3. c4 e6 4. Nc3 Nbd7 5. cxd5 exd5 6. Bg5 Be7 7. e3 0-0 8. Bd3 c6 9. Qc2 a5 10. Rb1 Re8 11. 0-0 b5 12. Bf4 Bb7 13. Ne5 g6 14. a4 b4 15. Ne2 Nxe5 16. Bxe5 Nd7 17. Bf4 Rc8 18. Rbc1 Qb6 19. b3 Red8 20. Qd2 c5 21. Bb5 Nf6 22. f3 Nh5 23. Be5 Qe6 24. g4 f6 25. Nf4 Nxf4 26. Bxf4 c4 27. Qe2 c3 28. Rc2 Bd6 29. Bxd6 Qxd6 30. Qd3 Rc7 31. Re1 Re7 32. Rce2 Kg7 33. Rg2 Bc8 34. f4 Re4 35. h3 Rf8 36. Qc2 Bd7 37. Bd3 Re7 38. Rg3 Rfe8 39. Kf2 Bc8 40. Bb5 Rf8 41. Bd3 Ba6 42. Re2 Bxd3 43. Qxd3 Rfe8 44. Rf3 Re4 45. Rg3 g5 46. f5 Qc6 47. Rc2 h5 48. Qe2 hxg4 49. hxg4 Rh8 50. Kf3 Rhe8 51. Rh3 Rxe3+ 52. Qxe3 Rxe3+ 53. Kxe3 Qe8+ 54. Kf2 Qe4 55. Re2 Qxd4+ 56. Kf1 c2 0-1

[Event "Politiken Cup 26th"]
[Site "Copenhagen"]
[Date "2004.07.31"]
[Round "9"]
[White "Gvein, Kenneth"]
[Black "Agustsson, Hafsteinn"]
[Result "1-0"]
[WhiteElo "2102"]
[BlackElo "1957"]
[PlyCount "93"]
[EventDate "2004.07.24"]
[EventType "swiss"]
[EventRounds "10"]
[EventCountry "DEN"]
[SourceTitle "CBM 101 Extra"]
[Source "ChessBase"]
[SourceDate "2004.09.01"]
[SourceVersion "2"]
[SourceVersionDate "2004.09.01"]
[SourceQuality "1"]

1. c4 c5 2. Nc3 Nf6 3. g3 d5 4. cxd5 Nxd5 5. Bg2 Nc7 6. d3 Nc6 7. Nf3 e5 8. 0-0 Be7 9. Be3 Be6 10. Rc1 f6 11. a3 Qd7 12. Na4 b6 13. Qc2 Rc8 14. b4 Nd4 15. Bxd4 cxd4 16. Nxe5 Qd6 17. Nc4 Qd8 18. Bc6+ Kf7 19. b5 Nd5 20. e4 dxe3 21. fxe3 Bd6 22. e4 Ne7 23. Nxd6+ Qxd6 24. Qc3 Rhd8 25. Rfd1 Qd4+ 26. Qxd4 Rxd4 27. Nb2 Nxc6 28. Rxc6 Rxc6 29. bxc6 Ke7 30. Kf2 Rd6 31. Rc1 Kd8 32. Ke3 f5 33. e5 Rd5 34. d4 Kc7 35. Rc3 g5 36. Nd3 a5 37. Nb2 b5 38. Nd3 Rd8 39. Rc5 Rd5 40. Rc2 Bf7 41. h4 h6 42. hxg5 hxg5 43. Nc5 f4+ 44. gxf4 gxf4+ 45. Ke4 Bg6+ 46. Kxd5 Bxc2 47. Ne6+ 1-0

[Event "Politiken Cup 26th"]
[Site "Copenhagen"]
[Date "2004.07.30"]
[Round "8"]
[White "Fries Nielsen, Jens Ove"]
[Black "Gvein, Kenneth"]
[Result "1-0"]
[WhiteElo "2398"]
[BlackElo "2102"]
[PlyCount "53"]
[EventDate "2004.07.24"]
[EventType "swiss"]
[EventRounds "10"]
[EventCountry "DEN"]
[SourceTitle "CBM 101 Extra"]
[Source "ChessBase"]
[SourceDate "2004.09.01"]
[SourceVersion "2"]
[SourceVersionDate "2004.09.01"]
[SourceQuality "1"]

1. e4 c5 2. Nc3 Nc6 3. f4 g6 4. Nf3 Bg7 5. Bb5 Nd4 6. 0-0 Nxb5 7. Nxb5 a6 8. Nc3 d6 9. d3 b5 10. Qe1 b4 11. Ne2 Bg4 12. Qg3 Bxf3 13. Qxf3 Ra7 14. f5 Nf6 15. Bg5 0-0 16. Nf4 Qd7 17. Qh3 Re8 18. Qh4 Rf8 19. Rf3 d5 20. Rh3 h5 21. fxg6 fxg6 22. Nxg6 Ng4 23. Nxf8 Kxf8 24. Qxh5 dxe4 25. Rf1+ Nf6 26. Bxf6 Bxf6 27. Qg6 1-0

[Event "Politiken Cup 26th"]
[Site "Copenhagen"]
[Date "2004.07.25"]
[Round "3"]
[White "Backelin, Rikard"]
[Black "Gvein, Kenneth"]
[Result "1-0"]
[WhiteElo "2292"]
[BlackElo "2102"]
[PlyCount "67"]
[EventDate "2004.07.24"]
[EventType "swiss"]
[EventRounds "10"]
[EventCountry "DEN"]
[SourceTitle "CBM 101 Extra"]
[Source "ChessBase"]
[SourceDate "2004.09.01"]
[SourceVersion "2"]
[SourceVersionDate "2004.09.01"]
[SourceQuality "1"]

1. e4 c5 2. Nf3 Nc6 3. Bb5 g6 4. Bxc6 dxc6 5. h3 Bg7 6. d3 e5 7. Be3 b6 8. Qd2 Qe7 9. a3 a5 10. Nc3 a4 11. 0-0 h6 12. Nh2 f5 13. exf5 Bxf5 14. f4 Nf6 15. fxe5 Nd5 16. Nxd5 cxd5 17. Rae1 d4 18. Bf4 Be6 19. Bg3 Rd8 20. Qe2 Bf5 21. Nf3 0-0 22. Nh4 Qe6 23. Nxf5 gxf5 24. Bf4 Rd7 25. Qh5 Rdf7 26. Rf3 Kh7 27. Rg3 Rg8 28. Rf1 Bf8 29. Rxg8 Kxg8 30. Rf3 Kh7 31. Bh2 Bg7 32. g4 Qg6 33. Qxg6+ Kxg6 34. e6 1-0

[Event "NOR-ch op"]
[Site "Oslo"]
[Date "2004.04.08"]
[Round "6"]
[White "Gvein, Kenneth"]
[Black "Gronnestad, Anita"]
[Result "1/2-1/2"]
[WhiteElo "2101"]
[BlackElo "2007"]
[PlyCount "55"]
[EventDate "2004.04.03"]
[EventType "swiss"]
[EventRounds "9"]
[EventCountry "NOR"]
[SourceTitle "CBM 099 Extra"]
[Source "ChessBase"]
[SourceDate "2004.05.04"]
[SourceVersion "1"]
[SourceVersionDate "2004.05.04"]
[SourceQuality "1"]

1. c4 Nf6 2. g3 g6 3. Bg2 Bg7 4. Nc3 c5 5. e4 Nc6 6. d3 d6 7. Nge2 0-0 8. 0-0 e5 9. h3 a6 10. f4 exf4 11. Nxf4 Rb8 12. Be3 b5 13. Qd2 Ne5 14. b3 Re8 15. Ncd5 Ned7 16. Rae1 bxc4 17. Nxf6+ Nxf6 18. bxc4 Bb7 19. g4 Nd7 20. Rb1 Bc6 21. Qc2 Qa5 22. Kh1 Ne5 23. Nd5 Bxd5 24. cxd5 Qa3 25. Rb3 Rxb3 26. axb3 Rb8 27. Rb1 Qb4 28. Bf1 1/2-1/2

[Event "Oslo ASKO Pinseturnering"]
[Site "Oslo"]
[Date "1999.05.23"]
[Round "4"]
[White "Gvein, Kenneth"]
[Black "Trygstad, Kristian J"]
[Result "1/2-1/2"]
[WhiteElo "2110"]
[BlackElo "2254"]
[PlyCount "52"]
[EventDate "1999.??.??"]
[EventType "swiss"]
[EventRounds "6"]
[EventCountry "NOR"]
[SourceTitle "EXT 2004"]
[Source "ChessBase"]
[SourceDate "2003.11.25"]
[SourceVersion "1"]
[SourceVersionDate "2003.11.25"]
[SourceQuality "1"]

1. Nf3 Nf6 2. g3 g6 3. Bg2 Bg7 4. d4 0-0 5. 0-0 d6 6. c3 Nbd7 7. Nbd2 e5 8. dxe5 dxe5 9. Nc4 Qe7 10. b3 Rd8 11. Ba3 Qe8 12. Qc2 Nd5 13. e4 Ne7 14. Ne3 Nb6 15. Nh4 Bf6 16. Nf3 Nc6 17. Rad1 Be6 18. Rxd8 Rxd8 19. Rd1 Be7 20. Bxe7 Qxe7 21. Rxd8+ Qxd8 22. Qd2 f6 23. Qxd8+ Nxd8 24. Nd2 a5 25. a4 Kf7 26. Bf1 Ke7 1/2-1/2